Dopasuj (t)rapera do jego nuty! 50 piosenek! #MEDIUM - Statystyki

Ogólne statystyki
  • Ten quiz został rozwiązany 423 razy
  • Średni wynik to 17 z 50
Statystyki odpowiedzi
Tytuł Wykonawca % Poprawnych
Candy Quebonafide ft. Klaudia Szafrańska
91%
WIFI Guzior
78%
UFO Szpaku
75%
Bogini Quebonafide
70%
Bali Gedz
68%
Outside Kartky
67%
Biblioteka Trap Mata
66%
surfer be vis
64%
Mój Kościół Paluch
62%
Sicario Słoń ft. Szpaku
60%
Blakablakablaka Białas
56%
Pole Marysi Ganja Mafia
56%
Polskie Miami Joda
54%
Zoba, zoba KęKę ft. Białas
49%
Mów mi Dav.e KaeN
47%
Tinder Love PlanBe
46%
ŻYCIE JEST PIĘKNE Kizo ft. Tymek
44%
Mik Mik Guzior
40%
NajsHajs Sarius ft. Rogal DDL
39%
krzyż olszakumpel
38%
Chwile Ulotne Paktofonika
38%
Sen White 2115
33%
Gigi ReTo
32%
Marlboro Kubi Producent ft. White 2115
30%
All My Life O.S.T.R.
30%
Gozier PLK ft. Paluch
28%
Ballada Zeamsone
26%
Dla mnie masz stajla Trzeci Wymiar
24%
miami 1999 schafter
23%
Monte Christo Avi ft. Louis Villain
21%
Klej Wac Toja
21%
Nasira Kartky ft. Sarius
20%
Grill u Gawrona BiałasXLanek
19%
Los Żabson ft. Young Slash
19%
Podziały Young Multi ft. Peja
16%
Piękna i Bestia Kali
15%
Tego nie da się naprawić Chada ft. Zbuku, Hades
14%
Gorzka Czekolada B.R.O
13%
Kiedy odejdę Young Multi ft. Bedoes
13%
Myślę o tym Kękę
12%
Givenchy BedoesXKubi Producent
11%
Złoto Blacha 2115
9%
Siła umysłu#Joseph Murphy Bezczel
7%
Złote Serca Białas ft. Quebonafide
7%
Coś za mną chodzi Opał ft. Kleszcz
7%
Noc Rozliczenia Young Multi
7%
iphone obi
5%
Ojcze nasz KaeN
4%
Nayebunny Planbe
4%
dzieciak cheatz
3%
Nie znaleziono quizów pasujących do podanych kryteriów
Rozkład punktacji
Procent ludzi z każdym wynikiem
Percentyl według liczby udzielonych odpowiedzi
Twoja historia wyników
Nie rozwiązałeś tego quizu